000 00420nam a2200181Ia 4500
005 20240823054830.0
008 240823s9999||||xx |||||||||||||| ||und||
041 _aENGLISH
082 _A791.4312 Q2
100 _aLorraine Hansberry
245 2 _aA Raisin in the Sun
250 _a1st
260 _c2012
_bManimekala Publi
500 _aTRANSFERED
650 _aStories
_bEnglish
942 _cBK
999 _c227382
_d227382